ბათუმის შოთა რუსთაველის სახელმწიფო უნივერსიტეტის ბიბლიოთეკა

მიწის მარკეტინგი(საადგილმამულო ურთიერთობის საფუძვლები) (ბიბ.ჩანაწერი № 34574)

000 -LEADER
fixed length control field 01005nam a2200241Ia 4500
001 - CONTROL NUMBER
control field 335
003 - CONTROL NUMBER IDENTIFIER
control field GE_BSU
008 - FIXED-LENGTH DATA ELEMENTS--GENERAL INFORMATION
fixed length control field 181216s||||||||xx |||||||||||||| ||und||
020 ## - INTERNATIONAL STANDARD BOOK NUMBER
International Standard Book Number 9789941121005
040 ## - CATALOGING SOURCE
Transcribing agency GE_BSU
080 ## - UNIVERSAL DECIMAL CLASSIFICATION NUMBER
Universal Decimal Classification number 332.6+332.2+332.334+347.325.1
100 ## - MAIN ENTRY--PERSONAL NAME
Personal name გელაშვილი, თინა
245 ## - TITLE STATEMENT
Title მიწის მარკეტინგი(საადგილმამულო ურთიერთობის საფუძვლები)
245 ## - TITLE STATEMENT
Remainder of title სსიპ ახალციხის ინსტიტუტი
245 ## - TITLE STATEMENT
Statement of responsibility, etc. გელაშვილი თინა; ბუცხრიკიძე გიორგი
260 ## - PUBLICATION, DISTRIBUTION, ETC.
Place of publication, distribution, etc. თბილისი
260 ## - PUBLICATION, DISTRIBUTION, ETC.
Name of publisher, distributor, etc. უნივერსალი
260 ## - PUBLICATION, DISTRIBUTION, ETC.
Date of publication, distribution, etc. 2007
300 ## - PHYSICAL DESCRIPTION
Extent 152გვ.
653 ## - INDEX TERM--UNCONTROLLED
Uncontrolled term მიწის მარკეტინგი(საადგილმამულო ურთიერთობის საფუძვლები)
942 ## - ADDED ENTRY ELEMENTS (KOHA)
Koha item type წიგნი
ეგზემპლარები
Withdrawn status Lost status Damaged status Not for loan Date acquired Barcode Date last seen Price effective from Koha item type Public note
        2018-12-17 1316 2018-12-17 2018-12-17 წიგნი დარბაზი